[Event "Swiss Queens Wed #13"]
[Site "FIDE Online Arena INT"]
[Date "2024.04.24"]
[Round "8"]
[White "Jakubowska, Anna"]
[Black "Fronda Pascua, Jan Jodilyn"]
[Result "0-1"]
[WhiteElo "2139"]
[BlackElo "2072"]
[PlyCount "114"]
[EventDate "2024.04.24"]
[EventType "swiss (blitz)"]
[EventRounds "11"]
[EventCountry "NET"]
[SourceTitle "CB18_2024"]
[SourceDate "2024.05.01"]
[SourceVersion "1"]
[SourceVersionDate "2024.05.01"]
[SourceQuality "2"]

1. e4 d5 2. exd5 Qxd5 3. Nc3 Qd8 4. d4 Nf6 5. Bc4 c6 6. h3 Bf5 7. Nf3 e6 8. 0-0 Be7 9. Bg5 0-0 10. Qe2 Nbd7 11. Rad1 Nb6 12. Bb3 Nbd5 13. Nxd5 exd5 14. Rfe1 Re8 15. Ne5 h6 16. Bh4 g5 17. Bg3 Ne4 18. Qf3 Nxg3 19. Qxg3 Bd6 20. Qf3 Bxe5 21. dxe5 Bg6 22. c4 d4 23. c5 Qa5 24. Qf6 Kh7 25. Bxf7 Bxf7 26. Qxf7+ Kh8 27. e6 Qxc5 28. e7 Qc2 29. Qf6+ Kh7 30. Rxd4 Qg6 31. Qf3 Rac8 32. Rd7 c5 33. Rxb7 Rc6 34. Rxa7 Rf6 35. Qe2 Qf7 36. Rd7 c4 37. Qe4+ Kg7 38. Qd4 Kh7 39. Rd6 Rf5 40. Rde6 Rf4 41. Qd6 Qg7 42. Qd7 Qxb2 43. Rf1 Qh8 44. Rd6 Rf7 45. Re6 Qg8 46. Qc7 Qh8 47. Qxc4 Qg7 48. Qe4+ Kh8 49. Re1 Kg8 50. Re2 Qa1+ 51. Kh2 Qg7 52. Qc6 Rexe7 53. Rg6 Rxe2 54. Rxg7+ Kxg7 55. Qc3+ Kg8 56. Qc8+ Kg7 57. Qc3+ Kg8 0-1

[Event "Swiss Queens Wed #5"]
[Site "FIDE Online Arena INT"]
[Date "2024.02.28"]
[Round "6"]
[White "Aliaga Fernandez, Ingrid Yadira"]
[Black "Jakubowska, Anna"]
[Result "1-0"]
[WhiteElo "2147"]
[BlackElo "2139"]
[PlyCount "93"]
[EventDate "2024.02.28"]
[EventType "swiss (blitz)"]
[EventRounds "11"]
[EventCountry "NET"]
[SourceTitle "CB10_2024"]
[SourceDate "2024.03.06"]
[SourceVersion "1"]
[SourceVersionDate "2024.03.06"]
[SourceQuality "1"]

1. e4 c6 2. d4 d5 3. exd5 cxd5 4. Bd3 Nc6 5. c3 Nf6 6. Nf3 Bg4 7. h3 Bxf3 8. Qxf3 e5 9. dxe5 Nxe5 10. Qe2 Qe7 11. 0-0 Nc6 12. Qf3 0-0-0 13. Bf4 Ne4 14. Re1 f5 15. Na3 g5 16. Bh2 Qd7 17. Rad1 Bc5 18. Bxe4 fxe4 19. Qg3 e3 20. fxe3 Bd6 21. Qxd6 Qxd6 22. Bxd6 Rxd6 23. e4 d4 24. Nb5 Rf6 25. Nxd4 Ne5 26. Rf1 Rb6 27. b3 Re8 28. Rf5 h6 29. Rdf1 Ra6 30. Nb5 Nd3 31. Rd5 Nf4 32. Nd6+ Kd8 33. Nxe8+ Kxe8 34. Rxf4 gxf4 35. a4 Rb6 36. b4 Rc6 37. Rc5 Rxc5 38. bxc5 Kd7 39. Kf2 Kc6 40. Kf3 Kxc5 41. Kxf4 a5 42. e5 b5 43. axb5 Kxb5 44. e6 Kc6 45. Kf5 a4 46. Kf6 a3 47. e7 1-0

[Event "Swiss Queens Wed #5"]
[Site "FIDE Online Arena INT"]
[Date "2024.02.28"]
[Round "1"]
[White "Goltseva, Ekaterina"]
[Black "Jakubowska, Anna"]
[Result "1-0"]
[WhiteElo "2329"]
[BlackElo "2139"]
[PlyCount "63"]
[EventDate "2024.02.28"]
[EventType "swiss (blitz)"]
[EventRounds "11"]
[EventCountry "NET"]
[SourceTitle "CB10_2024"]
[SourceDate "2024.03.06"]
[SourceVersion "1"]
[SourceVersionDate "2024.03.06"]
[SourceQuality "1"]

1. d4 f5 2. c4 Nf6 3. Nc3 e6 4. Qc2 Bb4 5. e3 b6 6. Bd3 Bb7 7. f3 d6 8. Nge2 Nbd7 9. 0-0 Bxc3 10. Nxc3 0-0 11. b3 e5 12. Bxf5 exd4 13. exd4 g6 14. Be6+ Kg7 15. Bg5 h6 16. Bh4 g5 17. Bg3 Nh5 18. Rae1 Nxg3 19. hxg3 Rf6 20. Bg4 Nf8 21. Re2 Bc8 22. Bh5 Bf5 23. Qd2 Qd7 24. Rfe1 Ng6 25. Nd5 Rf7 26. g4 c6 27. gxf5 Qxf5 28. Bxg6 Qxg6 29. Re6 Qh5 30. Ne3 Raf8 31. Ng4 Rh8 32. d5 1-0

[Event "Swiss Queens Wed #4"]
[Site "FIDE Online Arena INT"]
[Date "2024.02.21"]
[Round "1"]
[White "Preobrazhenskaya, Diana"]
[Black "Jakubowska, Anna"]
[Result "0-1"]
[WhiteElo "1859"]
[BlackElo "2139"]
[PlyCount "48"]
[EventDate "2024.02.21"]
[EventType "swiss (blitz)"]
[EventRounds "11"]
[EventCountry "NET"]
[SourceTitle "CB09_2024"]
[SourceDate "2024.02.28"]
[SourceVersion "1"]
[SourceVersionDate "2024.02.28"]
[SourceQuality "1"]

1. e4 Nf6 2. e5 Nd5 3. d4 d6 4. Nf3 dxe5 5. Nxe5 c6 6. Bc4 Bf5 7. 0-0 Nd7 8. Re1 Nxe5 9. Rxe5 e6 10. Qe2 Be7 11. Bd3 Bxd3 12. Qxd3 Bf6 13. Re4 0-0 14. c4 Nb6 15. Nc3 c5 16. Bf4 cxd4 17. Nb5 Rc8 18. Rc1 Na4 19. Nxd4 Nc5 20. Qe3 Nxe4 21. Nf3 Nc5 22. h3 Qd3 23. Qe1 Qe4 24. Qxe4 Nxe4 0-1

[Event "Swiss Queens Wed #3"]
[Site "FIDE Online Arena INT"]
[Date "2024.02.14"]
[Round "5"]
[White "Jakubowska, Anna"]
[Black "Stangl, Anita"]
[Result "1-0"]
[WhiteElo "2139"]
[BlackElo "2070"]
[PlyCount "53"]
[EventDate "2024.02.14"]
[EventType "swiss (blitz)"]
[EventRounds "11"]
[EventCountry "NET"]
[SourceTitle "CB08_2024"]
[SourceDate "2024.02.21"]
[SourceVersion "1"]
[SourceVersionDate "2024.02.21"]
[SourceQuality "1"]

1. e4 e6 2. d4 d5 3. Nd2 Nf6 4. e5 Nfd7 5. Bd3 c5 6. c3 Nc6 7. Ne2 Qb6 8. Nf3 cxd4 9. cxd4 f6 10. exf6 Nxf6 11. 0-0 Bd6 12. Bg5 0-0 13. Rc1 Qxb2 14. Bb1 Bd7 15. Nf4 Ne4 16. Nh5 Rxf3 17. Qxf3 Nxd4 18. Qg4 Ne2+ 19. Kh1 Nxc1 20. Bf6 Qxf6 21. Nxf6+ Nxf6 22. Qd1 Ba3 23. Qf3 Rc8 24. Qxa3 Ne2 25. Qxa7 Bc6 26. Qe3 Bb5 27. Qxe6+ 1-0

[Event "Swiss Queens Wed #3"]
[Site "FIDE Online Arena INT"]
[Date "2024.02.14"]
[Round "7"]
[White "Jakubowska, Anna"]
[Black "Travkina, Anastasia"]
[Result "1-0"]
[WhiteElo "2139"]
[BlackElo "2202"]
[PlyCount "37"]
[EventDate "2024.02.14"]
[EventType "swiss (blitz)"]
[EventRounds "11"]
[EventCountry "NET"]
[SourceTitle "CB08_2024"]
[SourceDate "2024.02.21"]
[SourceVersion "1"]
[SourceVersionDate "2024.02.21"]
[SourceQuality "1"]

1. e4 c5 2. Nc3 g6 3. g3 Bg7 4. Bg2 Nc6 5. d3 d6 6. Nh3 Nf6 7. 0-0 0-0 8. f4 Bg4 9. Qe1 Nd4 10. Qf2 Qc8 11. f5 b5 12. Nf4 b4 13. Ncd5 Nxd5 14. Nxd5 Qd7 15. f6 exf6 16. Bh6 Be6 17. Bxg7 Bxd5 18. Bxf8 Be6 19. Bh6 1-0

[Event "Titled Tuesday intern op 06th Feb Early"]
[Site "Chess.com INT"]
[Date "2024.02.06"]
[Round "10"]
[White "Bauyrzhan, Arnash"]
[Black "Jakubowska, Anna"]
[Result "1-0"]
[WhiteElo "2029"]
[BlackElo "2139"]
[PlyCount "79"]
[EventDate "2024.02.06"]
[EventType "swiss (blitz)"]
[EventRounds "11"]
[EventCountry "USA"]
[SourceTitle "CB07_2024"]
[SourceDate "2024.02.14"]
[SourceVersion "1"]
[SourceVersionDate "2024.02.14"]
[SourceQuality "1"]

1. e4 Nf6 2. e5 Nd5 3. d4 d6 4. Nf3 dxe5 5. Nxe5 c6 6. Be2 Nd7 7. Nf3 N7f6 8. 0-0 Bg4 9. h3 Bxf3 10. Bxf3 e6 11. c4 Nb6 12. Be2 Be7 13. Nc3 0-0 14. Bf4 c5 15. dxc5 Bxc5 16. Qc2 Qe7 17. Bg5 h6 18. Bh4 g5 19. Bg3 Rad8 20. Rae1 Bb4 21. a3 Bxc3 22. Qxc3 Ne4 23. Qe5 Nd2 24. f4 Nxf1 25. Rxf1 f6 26. Qe4 f5 27. Qf3 Qg7 28. fxg5 hxg5 29. Bf2 e5 30. Qh5 Rd2 31. Be3 Rxb2 32. c5 Nd5 33. Bc4 Rd8 34. Bxg5 Kf8 35. Rxf5+ Kg8 36. Rf1 b5 37. cxb6 axb6 38. Rd1 e4 39. Bxd5+ Kf8 40. Rf1+ 1-0

[Event "Titled Tuesday intern op 06th Feb Early"]
[Site "Chess.com INT"]
[Date "2024.02.06"]
[Round "7"]
[White "Pulido Alvarez, Ariel"]
[Black "Jakubowska, Anna"]
[Result "1-0"]
[WhiteElo "2337"]
[BlackElo "2139"]
[PlyCount "95"]
[EventDate "2024.02.06"]
[EventType "swiss (blitz)"]
[EventRounds "11"]
[EventCountry "USA"]
[SourceTitle "CB07_2024"]
[SourceDate "2024.02.14"]
[SourceVersion "1"]
[SourceVersionDate "2024.02.14"]
[SourceQuality "1"]

1. e4 c5 2. d4 cxd4 3. c3 dxc3 4. Nxc3 d6 5. Nf3 g6 6. Bc4 Bg7 7. 0-0 Nf6 8. h3 0-0 9. Qe2 a6 10. Rd1 b5 11. Bb3 Qc7 12. Bg5 Nbd7 13. Rac1 Qa5 14. Nd5 Nxd5 15. Bxd5 Ra7 16. Bxe7 Re8 17. Bxd6 Nf6 18. Bc6 Bd7 19. b4 Qa3 20. Bxd7 Rxd7 21. e5 Rxd6 22. exf6 Rxe2 23. Rc8+ Bf8 24. Rxd6 Qxb4 25. Rdd8 Re6 26. Ng5 Rxf6 27. Rxf8+ Qxf8 28. Rxf8+ Kxf8 29. Nxh7+ Ke7 30. Nxf6 Kxf6 31. Kf1 Ke5 32. Ke2 a5 33. Kd3 Kd5 34. g3 b4 35. h4 a4 36. f3 b3 37. axb3 axb3 38. Kc3 b2 39. Kxb2 Kd4 40. g4 Ke5 41. Kc3 Kf4 42. Kd4 Kxf3 43. h5 gxh5 44. gxh5 f5 45. h6 Kg2 46. h7 f4 47. h8Q f3 48. Ke3 1-0

[Event "Titled Tuesday intern op 12th Dec Early"]
[Site "Chess.com INT"]
[Date "2023.12.12"]
[Round "6"]
[White "Jakubowska, Anna"]
[Black "Gazineu Neto, Rubens"]
[Result "1-0"]
[WhiteElo "2139"]
[BlackElo "1912"]
[PlyCount "73"]
[EventDate "2023.12.12"]
[EventType "swiss (blitz)"]
[EventRounds "11"]
[EventCountry "USA"]
[SourceTitle "CB51_2023"]
[SourceDate "2023.12.20"]
[SourceVersion "1"]
[SourceVersionDate "2023.12.20"]
[SourceQuality "1"]

1. e4 c5 2. Nf3 Nc6 3. d4 cxd4 4. Nxd4 Nf6 5. Nc3 e5 6. Ndb5 d6 7. Bg5 a6 8. Na3 b5 9. Nd5 Be7 10. Bxf6 Bxf6 11. c3 0-0 12. Nc2 Bg5 13. a4 bxa4 14. Rxa4 a5 15. Bc4 Bd7 16. Ra1 Ne7 17. Nce3 Bxe3 18. Nxe3 Bc6 19. f3 Qb6 20. Qd2 Rad8 21. b3 Kh8 22. Qf2 f5 23. Nxf5 Qxf2+ 24. Kxf2 Nxf5 25. exf5 Rxf5 26. Rxa5 d5 27. Bd3 Rf6 28. Bb5 Bb7 29. Ra7 Rb6 30. c4 dxc4 31. bxc4 e4 32. Re1 exf3 33. gxf3 Bc6 34. Re6 Rxb5 35. cxb5 Bxb5 36. Rb6 Bd3 37. Rd6 1-0

[Event "Titled Tuesday intern op 12th Dec Early"]
[Site "Chess.com INT"]
[Date "2023.12.12"]
[Round "1"]
[White "Jakubowska, Anna"]
[Black "Smirnov, Alexandr A"]
[Result "0-1"]
[WhiteElo "2139"]
[BlackElo "2136"]
[PlyCount "100"]
[EventDate "2023.12.12"]
[EventType "swiss (blitz)"]
[EventRounds "11"]
[EventCountry "USA"]
[SourceTitle "CB51_2023"]
[SourceDate "2023.12.20"]
[SourceVersion "1"]
[SourceVersionDate "2023.12.20"]
[SourceQuality "1"]

1. e4 c5 2. Nc3 Nc6 3. g3 g6 4. Bg2 Bg7 5. d3 Nf6 6. f4 d6 7. h3 0-0 8. Nf3 Rb8 9. 0-0 b5 10. Be3 b4 11. Ne2 a5 12. g4 e6 13. Qd2 Nd7 14. Rab1 Bb7 15. h4 f5 16. g5 e5 17. exf5 Rxf5 18. Ng3 Rf7 19. h5 Qe7 20. Nh4 exf4 21. Bxf4 Nce5 22. Bxb7 Rxb7 23. hxg6 hxg6 24. Qg2 Rb8 25. Ne4 Rbf8 26. Bd2 d5 27. Nf6+ Nxf6 28. gxf6 Rxf6 29. Qxd5+ Kh7 30. Qh1 Kg8 31. Qd5+ Qf7 32. Qxf7+ R8xf7 33. Rxf6 Bxf6 34. Re1 Re7 35. Rxe5 Bxe5 36. c3 bxc3 37. bxc3 Kg7 38. Kf1 Bf6 39. Nf3 a4 40. Kf2 Rb7 41. d4 cxd4 42. cxd4 Rb2 43. Ke3 Rxa2 44. d5 Ra3+ 45. Ke4 Rb3 46. d6 a3 47. d7 a2 48. Bg5 Bxg5 49. Nxg5 Rb8 50. Ne6+ Kf6 0-1

[Event "Titled Tuesday intern op 14th Nov Early"]
[Site "Chess.com INT"]
[Date "2023.11.14"]
[Round "9"]
[White "Jakubowska, Anna"]
[Black "Kanyamarala, Trisha"]
[Result "0-1"]
[WhiteElo "2139"]
[BlackElo "2181"]
[PlyCount "54"]
[EventDate "2023.11.14"]
[EventType "swiss (blitz)"]
[EventRounds "11"]
[EventCountry "USA"]
[SourceTitle "CB47_2023"]
[SourceDate "2023.11.22"]
[SourceVersion "1"]
[SourceVersionDate "2023.11.22"]
[SourceQuality "1"]

1. e4 c5 2. Nc3 d6 3. g3 g6 4. Bg2 Bg7 5. d3 Nc6 6. Nh3 Nf6 7. 0-0 0-0 8. f4 Rb8 9. f5 b5 10. g4 b4 11. Nb1 Qb6 12. Be3 Ne5 13. g5 Nfg4 14. Bf4 c4+ 15. d4 gxf5 16. Kh1 Nc6 17. exf5 Bxf5 18. c3 bxc3 19. bxc3 e5 20. Bg3 Ne3 21. Qf3 Nxf1 22. Qxf1 Bxb1 23. d5 Ne7 24. Nf2 f5 25. gxf6 Rxf6 26. Qe2 Qb2 27. Qg4 Qxa1 0-1

[Event "Titled Tuesday intern op 14th Nov Early"]
[Site "Chess.com INT"]
[Date "2023.11.14"]
[Round "7"]
[White "Jakubowska, Anna"]
[Black "Zavgorodniy, Sergiy"]
[Result "0-1"]
[WhiteElo "2139"]
[BlackElo "2407"]
[PlyCount "72"]
[EventDate "2023.11.14"]
[EventType "swiss (blitz)"]
[EventRounds "11"]
[EventCountry "USA"]
[SourceTitle "CB47_2023"]
[SourceDate "2023.11.22"]
[SourceVersion "1"]
[SourceVersionDate "2023.11.22"]
[SourceQuality "1"]

1. e4 c6 2. d4 d5 3. e5 Bf5 4. Nf3 e6 5. Be2 Nd7 6. 0-0 a6 7. Re1 h6 8. Nbd2 Rc8 9. Nb3 c5 10. c4 dxc4 11. Bxc4 b5 12. Bf1 c4 13. Nbd2 Ne7 14. Ne4 Nd5 15. Ng3 Bh7 16. a4 Be7 17. axb5 axb5 18. Bd2 0-0 19. Ba5 N7b6 20. Ne4 Qd7 21. Qd2 Na4 22. g3 Ra8 23. Rxa4 bxa4 24. Bxc4 Rxa5 25. Qxa5 Bb4 26. Qa6 Bxe1 27. Nc5 Qc8 28. Nxe1 Qxa6 29. Bxa6 Rb8 30. Nxa4 Rb4 31. Nc3 Rxd4 32. Nxd5 exd5 33. f4 Rd1 34. Kf2 Rd2+ 35. Ke3 Rxb2 36. Bb7 Rxb7 0-1

[Event "Titled Tuesday intern op 14th Nov Early"]
[Site "Chess.com INT"]
[Date "2023.11.14"]
[Round "5"]
[White "Wu, Derek"]
[Black "Jakubowska, Anna"]
[Result "1-0"]
[WhiteElo "2255"]
[BlackElo "2139"]
[PlyCount "61"]
[EventDate "2023.11.14"]
[EventType "swiss (blitz)"]
[EventRounds "11"]
[EventCountry "USA"]
[SourceTitle "CB47_2023"]
[SourceDate "2023.11.22"]
[SourceVersion "1"]
[SourceVersionDate "2023.11.22"]
[SourceQuality "1"]

1. d4 f5 2. Nc3 d5 3. Bf4 Nf6 4. e3 g6 5. Nb5 Na6 6. c4 c6 7. Nc3 Bg7 8. Nf3 0-0 9. h3 Nc7 10. Qb3 Ne4 11. Bxc7 Qxc7 12. cxd5 Kh8 13. Bc4 Nxc3 14. bxc3 cxd5 15. Bxd5 Bd7 16. 0-0 Rab8 17. Rac1 h6 18. Be6 Bc6 19. d5 Be8 20. c4 b6 21. Qa3 g5 22. c5 bxc5 23. Rxc5 Qb7 24. Nd4 f4 25. Rfc1 fxe3 26. Qxe3 Qb2 27. Nf5 Rxf5 28. Bxf5 Bd4 29. Qxe7 Qxf2+ 30. Kh1 Bxc5 31. Qh7# 1-0

[Event "Titled Tuesday intern op 29th Aug Early"]
[Site "Chess.com INT"]
[Date "2023.08.29"]
[Round "6"]
[White "Jakubowska, Anna"]
[Black "Santos Flores, Alberto Javier"]
[Result "0-1"]
[WhiteElo "2139"]
[BlackElo "2200"]
[PlyCount "98"]
[EventDate "2023.08.29"]
[EventType "swiss (blitz)"]
[EventRounds "11"]
[EventCountry "USA"]
[SourceTitle "EXT 2024"]
[Source "ChessBase"]
[SourceDate "2023.10.10"]
[SourceVersion "1"]
[SourceVersionDate "2023.10.10"]
[SourceQuality "1"]

1. e4 e6 2. d4 d5 3. Nc3 Nf6 4. Bg5 Bb4 5. Nge2 dxe4 6. a3 Be7 7. Bxf6 Bxf6 8. Nxe4 b6 9. Nxf6+ Qxf6 10. Ng3 Bb7 11. Qd2 Nd7 12. 0-0-0 0-0-0 13. Qc3 Kb8 14. f3 c5 15. Bb5 cxd4 16. Qb4 e5 17. Ne4 Bxe4 18. fxe4 Nc5 19. Rhf1 Qg6 20. a4 Qd6 21. Qc4 f6 22. a5 Rc8 23. axb6 axb6 24. Qa2 Qc7 25. Rf3 Nxe4 26. Bd3 Nc5 27. Bf5 Rcd8 28. Ra3 Qb7 29. Bg4 e4 30. b4 Nd7 31. Rxd4 Ne5 32. Rxd8+ Rxd8 33. Be2 Rc8 34. Ra6 Nd3+ 35. Kb1 Nxb4 36. Qa4 Nxa6 37. Bxa6 Qc6 38. Qb3 Rc7 39. Bb5 Qc5 40. Qa4 e3 41. Bd3 Qc3 42. Qe4 Qe5 43. Qb4 Kb7 44. Be2 Qc5 45. Bf3+ Kb8 46. Qe4 Re7 47. Qa8+ Kc7 48. Qb7+ Kd6 49. Qb8+ Ke6 0-1

[Event "Titled Tuesday intern op 29th Aug Early"]
[Site "Chess.com INT"]
[Date "2023.08.29"]
[Round "10"]
[White "Petrosian, Karlen"]
[Black "Jakubowska, Anna"]
[Result "1-0"]
[WhiteElo "2348"]
[BlackElo "2139"]
[PlyCount "87"]
[EventDate "2023.08.29"]
[EventType "swiss (blitz)"]
[EventRounds "11"]
[EventCountry "USA"]
[SourceTitle "EXT 2024"]
[Source "ChessBase"]
[SourceDate "2023.10.10"]
[SourceVersion "1"]
[SourceVersionDate "2023.10.10"]
[SourceQuality "1"]

1. e4 Nf6 2. Nc3 d5 3. exd5 Nxd5 4. Bc4 Nxc3 5. Qf3 e6 6. dxc3 Nc6 7. Qe2 Bd6 8. Nf3 0-0 9. Bg5 Be7 10. Bd2 Bf6 11. 0-0-0 Qe7 12. g4 Qc5 13. g5 Be7 14. Bd3 e5 15. h4 Bg4 16. Qe4 f5 17. gxf6 Bxf3 18. Qxh7+ Kf7 19. Qg6+ Ke6 20. Bf5+ Kd5 21. Be3+ Nd4 22. fxe7 Qxe7 23. cxd4 Bxd1 24. Rxd1 e4 25. Bxe4+ Kc4 26. a3 Rf6 27. Bd3+ Kd5 28. Qg2+ Kd6 29. Bg5 c6 30. Qg3+ Kd7 31. Bxf6 Qxf6 32. Rg1 Rg8 33. Qg4+ Kc7 34. Qf5 Qd8 35. Qe5+ Kb6 36. Rxg7 Rxg7 37. Qxg7 Qxh4 38. b3 Qxf2 39. Qe5 Qg1+ 40. Kb2 Qg4 41. a4 a6 42. Qc5+ Kc7 43. a5 Qf4 44. Qe5+ 1-0